Luật thi đua khen thưởng Đã được sửa đổi, bổ sung năm 2005
v.v...
Đã lưu trong:
| Định dạng: | Sách |
|---|---|
| Năm xuất bản: |
H.
Chính trị Quốc gia
2005
|
| Chủ đề: | |
| Tags: |
Thêm thẻ
Không có thẻ, Hãy là người đầu tiên gắn thẻ bản ghi này!
|
| LEADER | 01023nam a2200217 4500 | ||
|---|---|---|---|
| 082 | |a 344.597 |b L504th. | ||
| 100 | |a | ||
| 245 | |a Luật thi đua khen thưởng |c Nước Cộng hòa Xã hội Chủ nghĩa Việt Nam |b Đã được sửa đổi, bổ sung năm 2005 | ||
| 260 | |a H. |b Chính trị Quốc gia |c 2005 | ||
| 300 | |a 121 tr. |c 19 cm | ||
| 520 | |a v.v... | ||
| 653 | |a Pháp luật | ||
| 653 | |a Việt Nam | ||
| 653 | |a thi đua | ||
| 653 | |a khen thưởng | ||
| 653 | |a Văn bản pháp luật | ||
| 942 | |2 ddc |c STK0 | ||
| 999 | |c 9679 |d 9679 | ||
| 952 | |0 0 |1 0 |2 ddc |4 0 |6 344_597000000000000_L504TH |7 0 |8 300 |9 76588 |a qbu |b qbu |c D2 |d 2015-05-25 |g 10000 |o 344.597 L504th. |p 9522.c1 |r 0000-00-00 |w 2015-05-25 |y STK0 | ||
| 952 | |0 0 |1 0 |2 ddc |4 0 |6 344_597000000000000_L504TH |7 0 |8 300 |9 76589 |a qbu |b qbu |c D2 |d 2015-05-25 |g 10000 |o 344.597 L504th. |p 9522.c2 |r 0000-00-00 |w 2015-05-25 |y STK0 | ||
| 952 | |0 0 |1 0 |2 ddc |4 0 |6 344_597000000000000_L504TH |7 0 |8 300 |9 76590 |a qbu |b qbu |c D2 |d 2015-05-25 |g 10000 |o 344.597 L504th. |p 9522.c3 |r 0000-00-00 |w 2015-05-25 |y STK0 | ||